Piacere di scoprire (Il) (Record no. 87669)
[ view plain ]
| 000 -LEADER | |
|---|---|
| fixed length control field | 01682nam a2200313Ia 4500 |
| 001 - CONTROL NUMBER | |
| control field | H1278 |
| 003 - CONTROL NUMBER IDENTIFIER | |
| control field | IT-RoPAU |
| 008 - FIXED-LENGTH DATA ELEMENTS--GENERAL INFORMATION | |
| fixed length control field | 130308s9999 xx 000 0 und d |
| 040 ## - CATALOGING SOURCE | |
| Original cataloging agency | IT-RoPAU |
| 040 ## - CATALOGING SOURCE | |
| Transcribing agency | IT-RoPAU |
| 041 ## - LANGUAGE CODE | |
| Language code of text/sound track or separate title | ITALIANO |
| 100 ## - MAIN ENTRY--PERSONAL NAME | |
| Personal name | Feynman Richard P. |
| 100 ## - MAIN ENTRY--PERSONAL NAME | |
| Miscellaneous information | Codice Aut. SPICS: 56629 |
| 240 ## - UNIFORM TITLE | |
| Uniform title | PLEASURE OF FINDING THINGS OUT (THE) |
| 240 ## - UNIFORM TITLE | |
| Miscellaneous information | Codice Tit. Orig. Spics: T3311 |
| 245 ## - TITLE STATEMENT | |
| Title | Piacere di scoprire (Il) |
| 245 ## - TITLE STATEMENT | |
| Remainder of title | Piacere di Scoprire (Il) |
| 250 ## - EDITION STATEMENT | |
| Edition statement | 1a ed. |
| 260 ## - PUBLICATION, DISTRIBUTION, ETC. (IMPRINT) | |
| Place of publication, distribution, etc. | MILANO |
| 260 ## - PUBLICATION, DISTRIBUTION, ETC. (IMPRINT) | |
| Name of publisher, distributor, etc. | Adelphi |
| 260 ## - PUBLICATION, DISTRIBUTION, ETC. (IMPRINT) | |
| Date of publication, distribution, etc. | 2002 [1° Ed.:2002 - Ed.Ling.Originale:1999] |
| 300 ## - PHYSICAL DESCRIPTION | |
| Extent | "288 p. (prefazione: no ; testo: 288 [pagine: 0-0])" |
| 500 ## - GENERAL NOTE | |
| General note | "A cura di Jeffrey Robbins. Prefazione di Freeman J. Dyson: Sfiorando L'Idolatria. Il piacere di Scoprire. calcolatori del Futuro. los Alamos dal Basso. Qual è e Quale dovrebbe Essere Il ruolo della Cultura Scientifica Nellasocietà moderna. C'E' molto Spazio Là in Fondo. Valore della Scienza. Osservazioni Personali Sull'Affidabilità Dello Shuttle: Rooster a Propellente Solido (Srb); motori principali della Navetta (Ssme); Avionica. che Cos'E' la Scienza? l'uomo Piu' Intelligente del Mondo. Scienza del culto del Cargo: Osservazioni su Scienza, Pseudoscienza e su Come imparare a Non Autoingannarsi. Facile Come Uno, Due, Tre. Richard Feynman Costruisce un Universo.Relazione tra Scienza e Religione. Bibliografia. Questo Volume Contiene Perlopiu' Registrazioni di conferenze e interviste del premio Nobel per la Fisica nel 1965 Richard P. Feynman." |
| 650 ## - SUBJECT ADDED ENTRY--TOPICAL TERM | |
| Topical term or geographic name as entry element | EPISTEMOLOGIA |
| 650 ## - SUBJECT ADDED ENTRY--TOPICAL TERM | |
| Relator term | Codice materia Spics: 3051 |
| 942 ## - ADDED ENTRY ELEMENTS (KOHA) | |
| Koha item type | LIBRO |
| 957 ## - | |
| -- | 1 |
| 999 ## - SYSTEM CONTROL NUMBERS (KOHA) | |
| -- | 1 |
| Withdrawn status | Lost status | Damaged status | Not for loan | Home library | Current library | Date acquired | Total Checkouts | Full call number | Date last seen | Price effective from | Koha item type | Public note |
|---|---|---|---|---|---|---|---|---|---|---|---|---|
| Buone Condizioni | Not For Loan | SPICS-MEDIATECA | SPICS-MEDIATECA | 08/03/2013 | H1278 | 08/03/2013 | 08/03/2013 | LIBRO | Progressivo inserimento: 1459 / N. Volumi: 1 Copie: 1 / data import: 1 marzo 2013 - By Epidotti, Trombetti, Vaglietti. |